Protierózne a protipovodňové opatrenia v pozemkových úpravách

Saved in:
Bibliographic Details
Main Author: Kohutová, Tatiana (Author)
Other Authors: Hlavčová, Kamila (Thesis advisor)
Format: Manuscript Book
Language:Slovak
Published: 2021
Subjects:
Online Access:http://is.stuba.sk/zp/portal_zp.pl?podrobnosti=149766
https://opac.crzp.sk/?fn=detailBiblioForm&sid=9F4BAE23A344452BBD8A49F49028
Tags: Add Tag
No Tags, Be the first to tag this record!

MARC

LEADER 00000ntm a22000003a 4500
001 stuzp85078
003 SK-STU
005 20230515075824.1
007 ta
008 150427s2015----xo-----f-mn---000-0-slo-d
040 |a STU  |b slo 
041 0 |a slo 
100 1 |a Kohutová, Tatiana  |u 010160  |4 aut  |U SvF Stavebná fakulta  |T SvF Katedra vodného hospodárstva krajiny  |X 98147  |U V160  |Y 16  |7 98147 
242 0 1 |a Erosion control and flood protection in land consolidation  |y eng 
245 1 0 |a Protierózne a protipovodňové opatrenia v pozemkových úpravách 
260 |c 2021 
650 4 |a pozemkové úpravy  |2 slo 
650 4 |a vodná erózia  |2 slo 
650 4 |a protierózne opatrenia  |2 slo 
650 4 |a protipovodňové opatrenia  |2 slo 
650 4 |a landscaping  |2 eng 
650 4 |a anti-erosion measures  |2 eng 
650 4 |a flood control measures  |2 eng 
650 4 |a water erosion  |2 eng 
700 1 |a Hlavčová, Kamila  |u 010160  |k Z1  |4 ths  |U SvF Stavebná fakulta  |T SvF Katedra vodného hospodárstva krajiny  |X 905  |U V160  |Y 16  |7 A000000905 
856 4 |u http://is.stuba.sk/zp/portal_zp.pl?podrobnosti=149766 
856 4 |u https://opac.crzp.sk/?fn=detailBiblioForm&sid=9F4BAE23A344452BBD8A49F49028